000 00386nam a2200169Ia 4500
005 20250603145236.0
008 250603s9999 xx 000 0 und d
020 _a9780770434182
050 _aSB 472.47 .R45/
100 _aReid, Grant W.
245 0 _aLandscape graphics
260 _aNew York
260 _bWatson-Guptill
260 _c2002
650 _aNew York
942 _cBK
999 _c41291
_d41291